00678nam a2200181Ia 4500003000900000008004100009040003300050041000800083080001400091100002400105245012000129246006600249260004600315300001400361942000700375952009500382999001900477LK-CoDNM010623t2011 xxu||||| |||| 00| 1 sin d aLK-CoDNMdLK-CoDNMeLK-CoDNM asin a294.3 PRE aPremarathna, Bogoda a"මම"ය - "මගේ"ය යන මහා බොරුව නිර්මාණය වන ආකාරය a"Mama" Ya -"Mage" Ya Yana Maha Boruva Nirmanaya Vana Akaraya. bAruna Kumari Malani PereraaColomboc2011 b74, 21 cm cBK 001040708MONOaMAINbMAINd2023-08-02l0o294.3 PREpP36745r2023-08-02w2023-08-02yBK c130596d130596